000 01046nam a2200241 i 4500
001 164137
003 ES-MaACL
005 20250927063039.0
008 050727s1885 sp a |||| |dspa d
040 _aCAM
_bspa
_cCAM
100 1 _aRuiz, Antonio,
_d-ca.1800
_9158431
245 1 3 _aLa corte de Keobbá
_b: descripción de un viaje á los paises desconocidos del interior del Africa, imitación de Julio Verne /
_cpor Antonio Ruiz ; dibujante, Emilio Estrella ; grabador, Eugenio Alós.
260 _aBarcelona :
_bSociedad Editorial,
_c1885 (
_fTipografía de la Casa Provincial de Caridad)
300 _a64 p. :
_bil. ;
_c29 cm.
490 1 _aLa ciencia en el desierto ;
_v2
490 1 _aBiblioteca ilustrada de Marti y Roig
700 1 _aEstrella, Emilio.
_9126980
700 1 _aAlós, Eugenio.
_9125646
830 0 _aLa ciencia en el desierto ;
_v2
_9188452
830 0 _aBiblioteca ilustrada de Marti y Roig
_9188453
852 _aES-MaACL
_jFol-Laf-65
_z- Rust.
_z. - Legado M. de la Fuente
999 _c164137
_d164137